000 01436nam0a2200337 i 4500
001 RU\NLR\BIBL_A\010546765
005 20240921133703.0
010 _a9785904155452
_92000
021 _aRU
_b2014-72499
_94444
035 _a(NILC)RuMoRGB-007558296
035 _a(NLR Aleph) 010546765
090 _a10319888
_c10319888
100 _a20141128d2014 um y0rusy50 ca
101 1 _arus
_cund
102 _aRU
105 _ac|||z||||00gy
200 1 _aБезъязыкий толмач
_eизбранные переводы
_fОлег Чухонцев
210 _aМосква
_cArsisBook
_d2014
215 _a143 с.
_cпортр.
_d18 см
225 1 _aМировая поэзия
327 0 _aСодерж.: Иоганн Вольфганг Гете, Голфрид фон Нейфен, Фон Бувенбург, Освальд фон Волькенштейн, Генрих Фон Мюгельн, Гуго фон Монтфор, Сэмюэл Батлер, Джон Китс, Уол Уитмен, Поль Мари Верлен [и др.]
686 2 _aШ6(2=Р)8-57
686 1 _aШ6(0)-5я43(Лх150-175сб)
700 1 _7ca
_8rus
_aЧухонцев
_bО. Г.
_f1938-
_gОлег Григорьевич
_9264557
_3RU\NLR\AUTH\770264613
801 0 _aRU
_bРГБ
_c20140925
_gRCR
942 _cBOOK
980 _aNBR